| 000 | 00456 a2200157 4500 | ||
|---|---|---|---|
| 003 | Nust | ||
| 005 | 20170207154024.0 | ||
| 040 | _cNust | ||
| 082 | _a512 | ||
| 100 | _aHefferon, Jim | ||
| 245 |
_aLinear algebra- (E-BOOK) _cJim Hefferon |
||
| 260 |
_aNew York _bPrentice Hall _c2002 |
||
| 300 | _a446 p. | ||
| 505 | _aLinearSystems (Page-1) Vector Spaces (Page-79) Maps Between Spaces (Page-159) Determinants (Page-293) Similarity (Page-347) | ||
| 650 | _aE-BOOK | ||
| 942 |
_2ddc _cBK |
||
| 999 |
_c191794 _d191794 |
||